期刊信息 |
| 索取号 |
N5/GSJY
|
| 题名 |
甘肃教育学院学报
|
| 作者 |
该刊编委会
|
| 分册号 |
|
| 分册名 |
|
| 出版地 |
兰州
|
| 出版者 |
该刊编委会
|
| 标准刊号 |
|
| 出版频率 |
季刊
|
| 中图法分类 |
G4
|
| 主题词 |
自然科学 丛书; 自然科学 文集; 自然科学 连续出版物
|
| 电子资源 | |
| |
|
| 000 | 01070nas022200361 45 | |
| 001 | 1196060576 | |
| 005 | 20070419162624.92 | |
| 021 | @aCN@b(甘)1082 | |
| 100 | @a19930605a198 9999km y0chiy0121 eb | |
| 101 | 0 | @achi@dchi |
| 102 | @aCN@b620000 | |
| 110 | @aauuzz 0yu0 | |
| 200 | 1 | @a甘肃教育学院学报@AGAN SU JIAO YU XUE YUAN XUE BAO@i自然科学版@IZI RAN KE XUE BAN@f该刊编委会@FGAI KAN BIAN WEI HUI |
| 207 | 0 | @a198?,no.1(198?)~=[总1]~ |
| 210 | @a兰州@c该刊编委会@d198?~ | |
| 215 | @d26cm | |
| 300 | @a内部发行 | |
| 326 | @a季刊 | |
| 327 | 0 | @a教学研究@a学员论文 |
| 345 | @a甘肃省兰州市雁滩 | |
| 540 | 1 | @a甘肃 教育 学院 学报@AGAN SU JIAO YU XUE YUAN XUE BAO |
| 541 | 1 | @aJournal of Gansu Education College@zeng |
| 606 | 0 | @a自然科学@x丛书 |
| 606 | 0 | @a自然科学@x文集 |
| 606 | 0 | @a自然科学@x连续出版物 |
| 676 | @a505@v19 | |
| 690 | @aG4@v3 | |
| 690 | @aN@v3 | |
| 690 | @aN5@v4 | |
| 701 | 0 | @a蔡伟@ACAI WEI@4主编 |
| 711 | 02 | @a甘肃教育学院@AGAN SU JIAO YU XUE YUAN@4主办 |
| 801 | 0 | @aCN@bPFT@c20070419 |
| 905 | @a1@cQ@dN5@eGSJY | |
| 甘肃教育学院学报.自然科学版/该刊编委会.-198?,no.1(198?)~=[总1]~.-兰州:该刊编委会,198?~ |
| 26cm |
| 内部发行.-甘肃省兰州市雁滩!T订购地址:* |
| 部分内容:教学研究;学员论文 |
| ● |
| 相关链接: |
|
|
|
|